| 000 | 00840nmc a2200313 a 4500 | ||
|---|---|---|---|
| 003 | AR-BaBNM | ||
| 005 | 20251128204209.0 | ||
| 008 | 255019s1993 ||||||||||||||000 | spa|| | ||
| 020 | _a950-852-020-5 | ||
| 040 | _cAR-BaBNM | ||
| 100 | 1 | _aVallejo, César | |
| 245 | 1 | 0 |
_aLos heraldos negros ; _bPoemas juveniles |
| 260 |
_aBuenos Aires _bEspasa-Calpe _c1993 |
||
| 300 | 0 | _a175 p. | |
| 490 | 0 | _aAustral. Biblioteca de literatura hispanoamericana | |
| 500 | 0 | _aEdición de Martín Prieto | |
| 600 | 1 | 4 | _aDarío, Rubén |
| 650 | 4 | _aPOESIAS | |
| 650 | 4 | _aSIGLO VEINTE | |
| 653 | 0 | _aPOESIA LIRICA | |
| 653 | 0 | _aLITERATURA PERUANA | |
| 653 | 0 | _aVANGUARDIAS LITERARIAS | |
| 653 | 0 | _aMODERNISMO | |
| 653 | _aVERSIFICACION | ||
| 655 | _aLITERATURA | ||
| 700 | 1 |
_aPrieto, Martín _eprologuista |
|
| 942 | _cBK | ||
| 998 | _cCarmen | ||
| 999 |
_c6564 _d6564 |
||